Twofold picture of God: (Record no. 14228)

000 -LEADER
fixed length control field 00681nam a2200205 a 4500
001 - CONTROL NUMBER
control field :::00012057$&:&@@
003 - CONTROL NUMBER IDENTIFIER
control field OkBaRHE
005 - DATE AND TIME OF LATEST TRANSACTION
control field 20000607103415.0
008 - FIXED-LENGTH DATA ELEMENTS--GENERAL INFORMATION
fixed length control field j 000 0 eng u
040 ## - CATALOGING SOURCE
Transcribing agency
100 1# - MAIN ENTRY--PERSONAL NAME
Personal name Ward, Alfred George and Ward, Charles Morris.
245 10 - TITLE STATEMENT
Title Twofold picture of God:
Remainder of title and other messages.
260 ## - PUBLICATION, DISTRIBUTION, ETC. (IMPRINT)
Place of publication, distribution, etc Springfield, MO., :
Name of publisher, distributor, etc Gospel Publishing House
Date of publication, distribution, etc nd
300 ## - PHYSICAL DESCRIPTION
Extent 131 p. ;
Dimensions 18 cm.
650 ## - SUBJECT ADDED ENTRY--TOPICAL TERM
Topical term or geographic name as entry element Assemblies of God
General subdivision Sermons
650 ## - SUBJECT ADDED ENTRY--TOPICAL TERM
Topical term or geographic name as entry element Sermons
General subdivision American
700 ## - ADDED ENTRY--PERSONAL NAME
Personal name Ward, Charles Morris.
942 ## - ADDED ENTRY ELEMENTS (KOHA)
Source of classification or shelving scheme
Koha item type Books
Copies
Withdrawn status Date last seen Damaged status Price effective from Shelving location Source of classification or shelving scheme Barcode Lost status Date acquired Koha item type Full call number Copy number Permanent Location Not for loan
 2010-04-14 2010-04-14General Stacks 12057 2010-04-14BooksBX 8769 .Z6W32T841RHEMA Bible Training College